Piratas del internet : (Record no. 128850)

MARC details
000 -CABECERA
campo de control de longitud fija 00720nam a2200217 u 4500
005 - FECHA Y HORA DE LA ÚLTIMA TRANSACCIÓN
campo de control 20250924063933.0
008 - ELEMENTOS DE LONGITUD FIJA--INFORMACIÓN GENERAL
campo de control de longitud fija 080610s2000 es r 000 0 spa d
020 ## - NÚMERO INTERNACIONAL NORMALIZADO PARA LIBROS
Número Internacional Estándar del Libro 8495129604
035 ## - NÚMERO DE CONTROL DEL SISTEMA
Número de control de sistema UPN01000156736
049 ## - COLECCIÓN
Colección I
050 #4 - SIGNATURA TOPOGRÁFICA DE LA BIBLIOTECA DEL CONGRESO
Número de clasificación PZ78
Número de documento/Ítem H5.6
100 1# - ASIENTO PRINCIPAL--NOMBRE PERSONAL
Nombre de persona Hidalgo, Héctor,
Fechas asociadas al nombre 1947-
9 (RLIN) 32306
245 10 - MENCIÓN DE TÍTULO
Título Piratas del internet :
Resto del título memorias del capitán Barbalisa /
Mención de responsabilidad, etc. Héctor Hidalgo ; il. de Fran Bravo.
260 ## - PUBLICACIÓN, DISTRIBUCIÓN, ETC.
Lugar de publicación, distribución, etc. [Madrid?] :
Nombre del editor, distribuidor, etc. Sarriá,
Fecha de publicación, distribución, etc. [2000?].
300 ## - DESCRIPCIÓN FÍSICA
Extensión 76 p. :
Otras características físicas il. col.
440 #0 - MENCIÓN DE SERIE/ASIENTO SECUNDARIO--TÍTULO
Título Leones ;
Designación de volumen o secuencia 14.
Nombre de parte o sección de la obra A partir de 9 años
650 #4 - ASIENTO SECUNDARIO DE MATERIA - TERMINO TEMATICO
Término de materia o nombre geográfico como elemento de entrada PIRATAS -
Subdivisión de forma LITERATURA JUVENIL
9 (RLIN) 8754
650 #4 - ASIENTO SECUNDARIO DE MATERIA - TERMINO TEMATICO
Término de materia o nombre geográfico como elemento de entrada Fantasmas
Subdivisión de forma Literatura infantil
9 (RLIN) 11355
650 #4 - ASIENTO SECUNDARIO DE MATERIA - TERMINO TEMATICO
Término de materia o nombre geográfico como elemento de entrada INTERNET -
Subdivisión de forma LITERATURA JUVENIL
9 (RLIN) 12318
905 ## - TIPO DE MATERIAL
Tipo de material Infantil
Holdings
Estado de retiro Estado de pérdida Fuente del sistema de clasificación o colocación Estado dañado No para préstamo Código de colección Localización permanente Ubicación/localización actual Ubicación en estantería Fecha de adquisición Clasificación Código de barras Fecha visto por última vez Número de copia Tipo de ítem Koha
    Library of Congress Classification     Infantil Bib. Gregorio Torres Quintero Bib. Gregorio Torres Quintero Sala infantil Planta baja 10/05/2023 PZ78 H5.6 259218 31/12/2020 1 Libro